[Event "Dundee & Angus Major"]
[Site "?"]
[Date "2016.10.08"]
[Round "3"]
[White "Thomas, Phil"]
[Black "Flood, Ray"]
[Result "1/2-1/2"]
[WhiteElo "1795"]
[BlackElo "1464"]
[PlyCount "70"]
[WhiteTeam "Scotland"]
[BlackTeam "Germany 2"]

1. e4 e5 2. Nf3 Nc6 3. d4 exd4 4. Nxd4 Bc5 5. Be3 Bb6 6. c3 d6 7. Nd2 Nf6 8.
Bd3 O-O 9. Nxc6 bxc6 10. Nc4 Bxe3 11. Nxe3 Re8 12. Qc2 d5 13. O-O-O Qe7 14.
exd5 cxd5 15. Bb5 Bd7 16. Nxd5 Nxd5 17. Bxd7 Qxd7 18. c4 c6 19. cxd5 cxd5 20.
Kb1 Rac8 21. Qd3 Qa4 22. b3 Qe4 23. Qxe4 dxe4 24. Rc1 f5 25. Rxc8 Rxc8 26. Rc1
Rd8 27. Rc5 g6 28. Kc2 Rd7 29. b4 Kf7 30. a4 Ke6 31. Kc3 f4 32. Rc6+ Ke5 33.
Rc5+ Ke6 34. Rc6+ Ke5 35. Rc5+ Ke6 1/2-1/2

[Event "Dundee & Angus Major"]
[Site "?"]
[Date "2016.10.08"]
[Round "3"]
[White "Clinton, William"]
[Black "Constance, Tom"]
[Result "1-0"]
[WhiteElo "1649"]
[BlackElo "1318"]
[PlyCount "33"]
[WhiteTeam "Scotland"]
[BlackTeam "Germany 2"]

1. e4 c6 2. d4 d5 3. f3 e6 4. Nc3 dxe4 5. fxe4 Nf6 6. Nf3 b6 7. Bd3 Bb7 8. O-O
Na6 9. e5 Nd5 10. Ng5 Nxc3 11. bxc3 Qd5 12. Nxf7 c5 13. Qg4 h5 14. Qg6 Rg8 15.
Nh6+ Kd7 16. Bb5+ Kd8 17. Qe8+ 1-0

[Event "Dundee & Angus Major"]
[Site "?"]
[Date "2016.10.09"]
[Round "4"]
[White "McMillan, Andrew"]
[Black "Aitchison, A Keith"]
[Result "1/2-1/2"]
[WhiteElo "1294"]
[BlackElo "1625"]
[PlyCount "60"]
[WhiteTeam "Scotland"]
[BlackTeam "Germany 2"]

1. e4 c6 2. d4 d5 3. Nc3 dxe4 4. Nxe4 Bf5 5. Ng3 Bg6 6. h4 h6 7. h5 Bh7 8. Bd3
Bxd3 9. Qxd3 e6 10. Nf3 Nf6 11. c3 Nbd7 12. Bd2 Qc7 13. a4 Be7 14. Be3 Nd5 15.
Nd2 Nxe3 16. Qxe3 Bg5 17. Qe2 Bxd2+ 18. Qxd2 Nf6 19. O-O-O O-O 20. Qc2 Rfd8 21.
Rde1 c5 22. dxc5 Qxc5 23. Ne4 Nxe4 24. Rxe4 Qg5+ 25. f4 Qf5 26. Rb4 Qd5 27. Rd1
Qxd1+ 28. Qxd1 Rxd1+ 29. Kxd1 Rd8+ 30. Kc2 Rd7 1/2-1/2

[Event "Dundee & Angus Major"]
[Site "?"]
[Date "2016.10.09"]
[Round "4"]
[White "Smith, Stephen H"]
[Black "Noble, Ray"]
[Result "1-0"]
[WhiteElo "1676"]
[BlackElo "1445"]
[PlyCount "55"]
[WhiteTeam "Scotland"]
[BlackTeam "Germany 2"]

1. e4 c5 2. Nf3 Nc6 3. d4 cxd4 4. Nxd4 e5 5. Nb5 d6 6. N1c3 a6 7. Na3 b5 8. Nd5
Nge7 9. c4 Nxd5 10. Qxd5 Be6 11. Qxc6+ Bd7 12. Qd5 Be7 13. cxb5 Rc8 14. bxa6
O-O 15. Be2 Bc6 16. Qd3 d5 17. O-O Bxa3 18. Qxa3 d4 19. Qg3 Qe7 20. Bd3 f5 21.
exf5 e4 22. Bg5 Qf7 23. Bc2 Bd5 24. Bb3 Qxf5 25. Bxd5+ Qxd5 26. Qb3 Rf5 27. Bd2
Rc4 28. Rac1 1-0

[Event "Dundee & Angus Major"]
[Site "?"]
[Date "2016.10.09"]
[Round "4"]
[White "Kosior, Pawel"]
[Black "Emery, Keith"]
[Result "1-0"]
[WhiteElo "1543"]
[BlackElo "1657"]
[PlyCount "33"]
[WhiteTeam "Scotland"]
[BlackTeam "Germany 2"]

1. c4 g6 2. g3 Nf6 3. Bg2 Bg7 4. d3 O-O 5. Nc3 d6 6. e4 e5 7. Nge2 Ne8 8. Be3
Nc6 9. Qd2 Nd4 10. O-O f5 11. f4 fxe4 12. Nxe4 Nxe2+ 13. Qxe2 exf4 14. Bxf4 Nf6
15. Bg5 Qe8 16. Bxf6 Bxf6 17. Nxf6+ 1-0

[Event "Dundee & Angus Major"]
[Site "?"]
[Date "2016.10.09"]
[Round "4"]
[White "Hegde, Stuthi"]
[Black "Andrews, Norman"]
[Result "1/2-1/2"]
[WhiteElo "1331"]
[BlackElo "1558"]
[PlyCount "56"]
[WhiteTeam "Scotland"]
[BlackTeam "Germany 2"]

1. d4 Nf6 2. Nf3 e6 3. Nc3 Bb4 4. Bd2 b6 5. e3 O-O 6. a3 Bxc3 7. Bxc3 Bb7 8.
Bd3 d6 9. O-O Nbd7 10. Re1 Ne4 11. Bc4 d5 12. Bb3 Nxc3 13. bxc3 c5 14. Ba4 Nf6
15. dxc5 bxc5 16. Rb1 Ba6 17. Bc6 Rb8 18. Ne5 Qd6 19. f4 Rxb1 20. Qxb1 Rb8 21.
Qd1 Rb6 22. c4 Rxc6 23. Nxc6 Qxc6 24. cxd5 exd5 25. Qb1 Qc7 26. Qb2 Nd7 27. Rd1
Nb6 28. Qb3 Bc4 $11 1/2-1/2

[Event "Dundee & Angus Major"]
[Site "?"]
[Date "2016.10.09"]
[Round "4"]
[White "Watson, James"]
[Black "Sawaryn, Steve"]
[Result "1/2-1/2"]
[WhiteElo "1647"]
[BlackElo "1342"]
[PlyCount "59"]
[WhiteTeam "Scotland"]
[BlackTeam "Germany 2"]

1. e4 c5 2. Nf3 d6 3. Nc3 Nf6 4. d4 cxd4 5. Nxd4 g6 6. Be3 Bg7 7. Be2 Bd7 8.
O-O O-O 9. a4 Nc6 10. Nb3 Nb4 11. a5 Qc8 12. f3 Rd8 13. Bd3 Be6 14. Nd4 Nxd3
15. cxd3 Nh5 16. Nxe6 Qxe6 17. Nd5 Qd7 18. d4 e6 19. Nc3 Rdc8 20. Qd2 Rc6 21.
Rac1 Rc4 22. g4 Nf6 23. Qe2 Rac8 24. e5 dxe5 25. dxe5 Nd5 26. Nxd5 Qxd5 27.
Rxc4 Qxc4 28. Rc1 Qxe2 29. Rxc8+ Bf8 30. Bh6 1/2-1/2

[Event "Dundee & Angus Major"]
[Site "?"]
[Date "2016.10.09"]
[Round "4"]
[White "Clegg, Robert"]
[Black "Doris, Peter"]
[Result "1/2-1/2"]
[WhiteElo "1779"]
[BlackElo "1360"]
[PlyCount "90"]
[WhiteTeam "Scotland"]
[BlackTeam "Germany 2"]

1. d4 d5 2. c4 e6 3. Nc3 f5 4. Bf4 c6 5. e3 Nf6 6. Nf3 Be7 7. h3 Na6 8. Be2 Nc7
9. c5 O-O 10. b4 h6 11. Qb3 g5 12. Bh2 Bd7 13. Ne5 Be8 14. a4 Ne4 15. Rb1 Nxc3
16. Qxc3 h5 17. b5 f4 18. b6 axb6 19. Rxb6 Rxa4 20. O-O Qa8 21. Rbb1 Kg7 22.
Qd2 Ra2 23. Rb2 Rxb2 24. Qxb2 fxe3 25. fxe3 Nb5 26. Bf3 Qa5 27. Ra1 Qc3 28.
Qxc3 Nxc3 29. Ra7 Kh6 30. Rxb7 Bf6 31. Nd3 Bg6 32. Nb4 Rc8 33. Bd6 Ne4 34. Rc7
Rxc7 35. Bxc7 Be8 36. Be2 Nc3 37. Ba6 g4 38. hxg4 hxg4 39. Kf2 Bg5 40. Bf4 Ne4+
41. Ke2 Bxf4 42. exf4 Ng3+ 43. Kf2 Nf5 44. Nc2 g3+ 45. Kf1 Kh5 $11 1/2-1/2

[Event "Dundee & Angus Major"]
[Site "?"]
[Date "2016.10.09"]
[Round "4"]
[White "Le Feuvre, Gwenole"]
[Black "MacQueen, Andrew"]
[Result "0-1"]
[WhiteElo "1299"]
[BlackElo "1750"]
[PlyCount "96"]
[WhiteTeam "Scotland"]
[BlackTeam "Germany 2"]

1. e4 c5 2. Nf3 d6 3. d4 cxd4 4. Nxd4 Nf6 5. Nc3 a6 6. Be2 e6 7. O-O Be7 8. Be3
Qc7 9. f4 Nc6 10. Nxc6 bxc6 11. Kh1 Rb8 12. Rb1 O-O 13. Qe1 Ne8 14. e5 d5 15.
Qg3 f5 16. Qf2 c5 17. Na4 d4 18. Bd2 Bd7 19. b3 Bb5 20. Nb2 Qd8 21. Rbd1 Qb6
22. Nc4 Qa7 23. a4 Bc6 24. Bf3 Bxf3 25. Qxf3 Qb7 26. Qe2 Nc7 27. Na5 Qb6 28.
Nc4 Qc6 29. Na5 Qe8 30. Qc4 Rb6 31. Ra1 Nd5 32. c3 dxc3 33. Bxc3 Ne3 34. Qe2
Nxf1 35. Rxf1 Qa8 36. Qc2 Qd5 37. Nc4 Rbb8 38. Rd1 Qe4 39. Qxe4 fxe4 40. Na5
Rbd8 41. Re1 Rd3 42. Nc6 Rxc3 43. Nxe7+ Kf7 44. Nc6 Rxb3 45. h3 Rc8 46. Na5 Rb4
47. Kg1 c4 48. Rxe4 Rc5 0-1

[Event "Dundee & Angus Major"]
[Site "?"]
[Date "2016.10.09"]
[Round "4"]
[White "D'Alessio, Marco"]
[Black "Clinton, William"]
[Result "0-1"]
[WhiteElo "1353"]
[BlackElo "1649"]
[PlyCount "128"]
[WhiteTeam "Scotland"]
[BlackTeam "Germany 2"]

1. e4 d5 2. exd5 Nf6 3. d4 Bg4 4. Nf3 Qxd5 5. Nbd2 Nc6 6. c3 e5 7. Bc4 Bxf3 8.
Bxd5 Bxd1 9. Bxc6+ bxc6 10. Kxd1 O-O-O 11. dxe5 Ng4 12. Ke2 Nxe5 13. Nf3 Nxf3
14. Kxf3 Bc5 15. Re1 Rd3+ 16. Be3 Rhd8 17. Rac1 Bxe3 18. Rxe3 Rd2 19. Re7 R8d3+
20. Ke4 Rd7 21. Rxd7 Kxd7 22. b3 Rxf2 23. Rd1+ Ke7 24. Re1 Rxa2 25. Kd4+ Kd7
26. Kc5 Rxg2 27. Rd1+ Kc8 28. Kxc6 Rg6+ 29. Kb5 Rd6 30. Ra1 Kb7 31. b4 f5 32.
c4 f4 33. c5 Rf6 34. Kc4 g5 35. b5 f3 36. c6+ Kb8 37. Re1 Rf8 38. Kd3 h5 39.
Rf1 g4 40. Ke3 Rf5 41. h3 Rxb5 42. hxg4 hxg4 43. Rg1 Rb4 44. Rh1 a5 45. Ra1 a4
46. Kf2 Ka7 47. Ra3 Kb6 48. Rc3 Rb3 49. Rc4 a3 50. Rxg4 Kxc6 51. Rc4+ Kb6 52.
Ra4 c5 53. Ra8 c4 54. Rc8 Kb5 55. Rb8+ Kc5 56. Rc8+ Kd4 57. Rd8+ Ke4 58. Re8+
Kd4 59. Rd8+ Kc3 60. Kxf3 a2 61. Ra8 Kb2+ 62. Ke4 a1=Q 63. Rxa1 Kxa1 64. Kd4 c3
0-1

[Event "Dundee & Angus Major"]
[Site "?"]
[Date "2016.10.09"]
[Round "4"]
[White "Volland, Ben"]
[Black "Moore, Robin"]
[Result "0-1"]
[WhiteElo "1626"]
[BlackElo "1683"]
[PlyCount "84"]
[WhiteTeam "Scotland"]
[BlackTeam "Germany 2"]

1. e4 c5 2. Nf3 d6 3. d4 cxd4 4. Nxd4 Nf6 5. Nc3 g6 6. Bg5 Bg7 7. Bc4 Nc6 8.
Nxc6 bxc6 9. f3 O-O 10. Qd2 Be6 11. Bb3 Qa5 12. O-O Rfe8 13. Rfe1 Nd7 14. Kh1
Ne5 15. Ne2 Qxd2 16. Bxd2 Nc4 17. Bxc4 Bxc4 18. c3 Rab8 19. b3 Be6 20. Be3 a6
21. Bd4 Bh6 22. c4 c5 23. Bc3 Bg7 24. Bxg7 Kxg7 25. Nc3 f6 26. Re2 Rb7 27. Rd1
Bd7 28. Rb1 Bc6 29. Kg1 h6 30. Kf2 g5 31. Kg3 Kg6 32. Kf2 h5 33. g3 Rf8 34. h3
Rd7 35. Rd1 f5 36. e5 f4 37. g4 hxg4 38. hxg4 Rh8 39. Rg1 Rh3 40. Nd5 e6 41.
Kg2 Rg3+ 42. Kh2 Rh7# 0-1

[Event "Dundee & Angus Major"]
[Site "?"]
[Date "2016.10.09"]
[Round "4"]
[White "Shafi, Paul"]
[Black "Dawson, Euan"]
[Result "0-1"]
[WhiteElo "1657"]
[BlackElo "1599"]
[PlyCount "95"]
[WhiteTeam "Scotland"]
[BlackTeam "Germany 2"]

1. d4 d5 2. Nf3 Nf6 3. e3 Bg4 4. Be2 c5 5. b3 e6 6. O-O Nbd7 7. Bb2 Bd6 8. Nbd2
O-O 9. Ne5 Bf5 10. f4 cxd4 11. exd4 Rc8 12. Bd3 Bxd3 13. cxd3 Qb6 14. Ndf3 a5
15. g4 Bxe5 16. Nxe5 Nxe5 17. fxe5 Nd7 18. Qe2 Nb8 19. Qf2 Nc6 20. Rac1 Rc7 21.
Rc5 Qa6 22. Qf3 Rfc8 23. a3 Qa7 24. Qf2 Qb6 25. Rc3 $11 Qa7 26. Kg2 b6 27. Rfc1
Ne7 28. Qd2 Qb7 29. Rxc7 Rxc7 30. Rxc7 Qxc7 31. Qc1 Qxc1 32. Bxc1 Nc6 33. Bb2
h6 34. Kf3 Kh7 35. h4 Kg6 36. Bc3 b5 37. b4 axb4 38. axb4 h5 39. g5 Kf5 40. Kg3
Ne7 41. Bd2 Kg6 42. Kh3 Nf5 43. Bc3 Ne3 44. Bd2 Nc2 45. Bc3 Kf5 46. Kg3 Ne3 47.
Kf3 Ng4 48. Bb2 {Remaining moves missing} 0-1

[Event "Dundee & Angus Major"]
[Site "?"]
[Date "2016.10.09"]
[Round "5"]
[White "Emery, Keith"]
[Black "Barron-Majerik, Jan"]
[Result "1-0"]
[WhiteElo "1657"]
[BlackElo "1466"]
[PlyCount "106"]
[WhiteTeam "Scotland"]
[BlackTeam "Germany 2"]

1. e4 c5 2. Nf3 Nc6 3. Bc4 e6 4. a3 g6 5. d4 Nxd4 6. Nxd4 cxd4 7. Qxd4 Qf6 8.
Qxf6 Nxf6 9. e5 Ng4 10. f4 Bc5 11. Bd2 Ne3 12. Bxe3 Bxe3 13. Rf1 b5 14. Rf3 Bd4
15. c3 Bb6 16. Bxb5 Bg1 17. Nd2 Rb8 18. Nc4 Ke7 19. Ba4 Ba6 20. b3 Bxc4 21.
bxc4 Bxh2 22. Rd1 Rhd8 23. Rfd3 Rb7 24. c5 Bxf4 25. c6 Rc7 26. Rxd7+ Rdxd7 27.
cxd7 Kd8 28. Rb1 Ke7 29. Rb8 Rxd7 30. Bxd7 Kxd7 31. Rb7+ Kc6 32. Rxf7 Bxe5 33.
Rxh7 Bxc3+ 34. Ke2 a5 35. Rh4 Bb2 36. a4 g5 37. Re4 Kd5 38. Kd3 Bf6 39. Rc4 e5
40. Rc8 e4+ 41. Kd2 Be5 42. Ra8 Bc7 43. Ra7 Bb6 44. Rg7 Kc4 45. Rb7 Bd8 46. Ke3
Bf6 47. Kxe4 Bc3 48. Rb1 Bd2 49. g4 Bf4 50. Kf5 Kc5 51. Rb5+ Kc6 52. Rxa5 Kb6
53. Rd5 Ka6 1-0

[Event "Dundee & Angus Major"]
[Site "?"]
[Date "2016.10.09"]
[Round "5"]
[White "MacQueen, Andrew"]
[Black "Hegde, Stuthi"]
[Result "1-0"]
[WhiteElo "1750"]
[BlackElo "1331"]
[PlyCount "79"]
[WhiteTeam "Scotland"]
[BlackTeam "Germany 2"]

1. e4 c5 2. Nf3 Nc6 3. d4 cxd4 4. Nxd4 e5 5. Nb5 d6 6. N1c3 a6 7. Na3 b5 8. Nd5
Nf6 9. Bg5 Be7 10. Bxf6 Bxf6 11. c3 Bg5 12. Be2 Ne7 13. O-O Bb7 14. Nc2 O-O 15.
a4 f5 16. axb5 axb5 17. Rxa8 Bxa8 18. Nxe7+ Qxe7 19. exf5 Rxf5 20. Ne1 Bf4 21.
Qb3+ Kf8 22. Qxb5 Qd8 23. Nf3 Bxf3 24. Bxf3 Bxh2+ 25. Kxh2 Rxf3 26. g3 Rf6 27.
Qd5 Rh6+ 28. Kg2 Qd7 29. Ra1 Qh3+ 30. Kf3 Qf5+ 31. Ke3 Qg5+ 32. Ke2 Qg4+ 33.
Kd2 Qg5+ 34. Kc2 Qf5+ 35. Kb3 Qxf2 36. Ra8+ Ke7 37. Qb7+ Ke6 38. Qc8+ Ke7 39.
Qe8+ Kf6 40. Qf8+ 1-0

[Event "Dundee & Angus Major"]
[Site "?"]
[Date "2016.10.09"]
[Round "5"]
[White "Aitchison, A Keith"]
[Black "Clegg, Robert"]
[Result "0-1"]
[WhiteElo "1625"]
[BlackElo "1779"]
[PlyCount "50"]
[WhiteTeam "Scotland"]
[BlackTeam "Germany 2"]

1. d4 Nf6 2. e3 g6 3. Nf3 Bg7 4. c4 d6 5. Nc3 O-O 6. Be2 Nc6 7. a3 e5 8. d5 Ne7
9. e4 a5 10. Be3 Nd7 11. b4 b6 12. O-O f5 13. Ng5 Nf6 14. f3 h6 15. Nh3 f4 16.
Bd2 g5 17. Kh1 Rf7 18. Rg1 Nh5 19. Bf1 Ng6 20. g4 fxg3 21. hxg3 axb4 22. axb4
Rxa1 23. Qxa1 Rxf3 24. Be2 Nxg3+ 25. Kg2 Nh4+ 0-1

[Event "Dundee & Angus Major"]
[Site "?"]
[Date "2016.10.09"]
[Round "5"]
[White "Dawson, Euan"]
[Black "Smith, Stephen H"]
[Result "1-0"]
[WhiteElo "1599"]
[BlackElo "1676"]
[PlyCount "47"]
[WhiteTeam "Scotland"]
[BlackTeam "Germany 2"]

1. e4 e6 2. Qe2 c5 3. f4 Be7 4. Nf3 Nc6 5. g3 Nf6 6. Bg2 Qc7 7. O-O O-O 8. d3
e5 9. c3 d6 10. Na3 Bg4 11. f5 a6 12. h3 Bxf3 13. Qxf3 Rad8 14. g4 Ne8 15. g5
f6 16. g6 hxg6 17. fxg6 f5 18. exf5 Nf6 19. Bg5 e4 20. dxe4 Ne5 21. Qd1 Ned7
22. e5 dxe5 23. Bd5+ Kh8 24. Qe1 1-0

[Event "Dundee & Angus Major"]
[Site "?"]
[Date "2016.10.09"]
[Round "5"]
[White "Tinas, Christos"]
[Black "Shafi, Paul"]
[Result "1/2-1/2"]
[WhiteElo "1534"]
[BlackElo "1657"]
[PlyCount "54"]
[WhiteTeam "Scotland"]
[BlackTeam "Germany 2"]

1. e4 d5 2. exd5 Qxd5 3. Nc3 Qd8 4. d4 Nf6 5. Nf3 Bg4 6. Be2 e6 7. Be3 c6 8.
Qd2 Nbd7 9. Ng5 Bxe2 10. Qxe2 Bb4 11. O-O O-O 12. Nce4 h6 13. Nxf6+ Nxf6 14.
Nf3 Bd6 15. c3 Qc7 16. h3 Rfe8 17. Rfe1 Nd5 18. Bd2 Nf4 19. Bxf4 Bxf4 20. g3
Bd6 21. Ne5 Bxe5 22. Qxe5 Qxe5 23. dxe5 Red8 24. Rad1 Kf8 25. Kf1 Ke7 26. Ke2
Rd5 27. Rxd5 cxd5 1/2-1/2

[Event "Dundee & Angus Major"]
[Site "?"]
[Date "2016.10.09"]
[Round "5"]
[White "Doris, Peter"]
[Black "Watson, James"]
[Result "1-0"]
[WhiteElo "1360"]
[BlackElo "1647"]
[PlyCount "135"]
[WhiteTeam "Scotland"]
[BlackTeam "Germany 2"]

1. d4 Nf6 2. Nf3 e6 3. Bf4 d5 4. e3 Nbd7 5. Bd3 c5 6. c3 Ne4 7. O-O Be7 8. Nbd2
Ndf6 9. Rc1 b6 10. Ne5 Bb7 11. f3 Nxd2 12. Qxd2 O-O 13. g4 Nd7 14. Bg3 f6 15.
Nxd7 Qxd7 16. f4 f5 17. g5 c4 18. Bb1 Ba6 19. h4 Rac8 20. Rf2 Bd8 21. h5 Qe8
22. Rh2 g6 23. Qe2 Bb5 24. Kf2 Kg7 25. Rch1 Rh8 26. hxg6 Qxg6 27. Rh6 Qf7 28.
Rf6 Qd7 29. Qh5 Qe8 30. Qh6+ Kg8 31. g6 Rc7 32. gxh7+ Rhxh7 33. Rg6+ Kh8 34.
Rxe6 Rxh6 35. Rhxh6+ Kg7 36. Bxf5 Qxe6 37. Rxe6 Be7 38. Rg6+ Kf7 39. Rh6 Kg7
40. Rg6+ Kf7 41. Rh6 Kg7 42. Rh1 Bd7 43. Bxd7 Rxd7 44. Bh4 Bxh4+ 45. Rxh4 Kf6
46. Kf3 Rg7 47. Rg4 Rh7 48. Kg2 Kf5 49. Rg5+ Ke4 50. Re5+ Kd3 51. Rxd5 Kxe3 52.
f5 Rg7+ 53. Kf1 Rf7 54. Re5+ Kf4 55. Kf2 Rf6 56. Ke2 Rh6 57. Re6 Rh2+ 58. Kd1
Kxf5 59. Re2 Rh7 60. Kc2 Rd7 61. b3 cxb3+ 62. axb3 Kf4 63. Kd3 Rh7 64. Kc4 Rh3
65. d5 b5+ 66. Kd4 Rh7 67. d6 Rd7 68. Kc5 1-0

[Event "Dundee & Angus Major"]
[Site "?"]
[Date "2016.10.09"]
[Round "5"]
[White "Noble, Ray"]
[Black "Volland, Ben"]
[Result "1-0"]
[WhiteElo "1448"]
[BlackElo "1620"]
[PlyCount "131"]
[WhiteTeam "Scotland"]
[BlackTeam "Germany 2"]

1. e4 e5 2. Nf3 Nc6 3. Bc4 Nf6 4. d4 exd4 5. O-O Bc5 6. e5 d5 7. exf6 dxc4 8.
Re1+ Be6 9. Ng5 Qxf6 10. Nxe6 fxe6 11. Qh5+ Kd7 12. Qxc5 Raf8 13. Rf1 Kc8 14.
Qxc4 Ne5 15. Qe2 h5 16. Nd2 h4 17. f4 Nc6 18. Nf3 Re8 19. Ne5 Ne7 20. Bd2 Nf5
21. Qg4 Rd8 22. Rae1 Rd6 23. Rf3 b5 24. c3 Rhd8 25. Qg6 Rd5 26. Qxf6 gxf6 27.
Nc6 R8d6 28. Nxd4 Nxd4 29. cxd4 Rxd4 30. Bc3 Ra4 31. Bxf6 Rxa2 32. Ra3 Rxa3 33.
bxa3 Kd7 34. Bxh4 Rd3 35. Ra1 c5 36. Bf6 c4 37. h4 a5 38. Kf1 b4 39. axb4 axb4
40. h5 b3 41. Rc1 Rd2 42. h6 b2 43. Rb1 Rc2 44. Bxb2 c3 45. Ba1 Ra2 46. h7 c2
47. Rc1 Ra8 48. h8=Q Rxh8 49. Bxh8 e5 50. Bxe5 Ke6 51. g4 Kf7 52. Rxc2 Kg6 53.
Rc6+ Kf7 54. Kf2 Ke7 55. Rd6 Kf7 56. Kg3 Ke7 57. Kh4 Kf7 58. Kh5 Ke7 59. Kg6
Kf8 60. Ra6 Ke7 61. f5 Ke8 62. Ra7 Kf8 63. Bd6+ Ke8 64. f6 Kd8 65. f7 Kc8 66.
f8=Q# 1-0

[Event "Dundee & Angus Major"]
[Site "?"]
[Date "2016.10.09"]
[Round "5"]
[White "Moore, Robin"]
[Black "McMillan, Andrew"]
[Result "1-0"]
[WhiteElo "1683"]
[BlackElo "1294"]
[PlyCount "65"]
[WhiteTeam "Scotland"]
[BlackTeam "Germany 2"]

1. e4 e5 2. Bc4 Nf6 3. d4 exd4 4. Nf3 Bc5 5. e5 Ng8 6. O-O Nc6 7. c3 d5 8. Bb5
a6 9. Bxc6+ bxc6 10. cxd4 Bb6 11. Nc3 h6 12. Be3 Bg4 13. Rc1 Ne7 14. h3 Bh5 15.
g4 Bg6 16. Ne2 h5 17. g5 Qd7 18. Nf4 Bf5 19. Kh2 Be4 20. e6 fxe6 21. Ne5 Qd6
22. Nxh5 Rf8 23. Bf4 O-O-O 24. Nf7 Qd7 25. Nxd8 Qxd8 26. Be5 Bf3 27. Qd3 Bxh5
28. Qxa6+ Kb8 29. Qxb6+ Ka8 30. Qa6+ Kb8 31. Rc3 Nc8 32. Rb3+ Nb6 33. Rxb6# 1-0

[Event "Dundee & Angus Major"]
[Site "?"]
[Date "2016.10.09"]
[Round "5"]
[White "Clinton, William"]
[Black "Kosior, Pawel"]
[Result "1/2-1/2"]
[WhiteElo "1649"]
[BlackElo "1543"]
[PlyCount "59"]
[WhiteTeam "Scotland"]
[BlackTeam "Germany 2"]

1. e4 c5 2. Nc3 Nc6 3. f4 e5 4. Nf3 exf4 5. Bc4 d6 6. d3 g5 7. h4 Be7 8. hxg5
Bg4 9. Bxf4 Qa5 10. Qd2 Bxf3 11. gxf3 Nd4 12. Qf2 b5 13. Bd5 O-O-O 14. Be3 b4
15. Nd1 b3+ 16. Nc3 Nxc2+ 17. Ke2 Nxa1 18. Rxa1 f6 19. Be6+ Kb8 20. Bxb3 fxg5
21. Bd2 Rd7 22. Nd5 Qd8 23. Qe1 Nf6 24. Ba5 Qf8 25. Qc3 Nxd5 26. Bxd5 Qf6 27.
Qb3+ Kc8 28. Qb5 Rc7 29. Qa6+ Kd8 30. Bxc7+ {No further moves recorded} 1/2-1/2

[Event "Dundee & Angus Minor"]
[Site "?"]
[Date "2016.10.07"]
[Round "1"]
[White "Macmillan, Malcolm"]
[Black "Mackintosh J11, Dallas"]
[Result "1-0"]
[WhiteElo "1195"]
[BlackElo "231"]
[PlyCount "31"]
[EventDate "2016.??.??"]

1. d4 d5 2. Nc3 Nf6 3. Bg5 Ng4 4. f3 Nf6 5. e4 dxe4 6. fxe4 Bg4 7. Nf3 Nc6 8.
Be2 Bxf3 9. Bxf3 Nxd4 10. e5 Ng8 11. O-O Nxf3+ 12. Qxf3 Qd7 13. Qxf7+ Kd8 14.
Qxf8+ Qe8 15. Rad1+ Kc8 16. Qxe8# 1-0

[Event "Dundee & Angus Minor"]
[Site "?"]
[Date "2016.10.07"]
[Round "1"]
[White "Maheshwari J11, Ritvik"]
[Black "Stewart, Alex"]
[Result "0-1"]
[WhiteElo "870"]
[BlackElo "1257"]
[PlyCount "58"]
[EventDate "2016.??.??"]

1. d4 Nf6 2. Bf4 d5 3. e3 Bf5 4. c4 c6 5. Qb3 dxc4 6. Bxc4 e6 7. Qxb7 Nbd7 8.
Qxc6 Be4 9. Qa4 Bxg2 10. f3 Bxh1 11. Ba6 Qb6 12. Bb5 Bd6 13. Bg3 Bxg3+ 14. hxg3
Qb7 15. Nd2 Rb8 16. Nc4 O-O 17. Bxd7 Qxd7 18. Qxd7 Nxd7 19. b3 Nb6 20. Nd2 Rbc8
21. Kd1 Rc3 22. Ke2 Rc2 23. a4 Rfc8 24. b4 Nc4 25. Rd1 Nxd2 26. Rxd2 Rxd2+ 27.
Kxd2 Rc4 28. b5 Rxa4 29. Kc3 Ra1 0-1

[Event "Dundee & Angus Minor"]
[Site "?"]
[Date "2016.10.07"]
[Round "1"]
[White "Mcculloch, Andrew"]
[Black "Walker, Gordon"]
[Result "1/2-1/2"]
[WhiteElo "1099"]
[BlackElo "1188"]
[PlyCount "56"]
[EventDate "2016.??.??"]

1. d4 Nf6 2. Nf3 e6 3. c4 Bb4+ 4. Nc3 O-O 5. a3 Bxc3+ 6. bxc3 b6 7. Bg5 Bb7 8.
e3 d6 9. Be2 Nbd7 10. O-O c5 11. Re1 Qc7 12. Qc2 Be4 13. Qd2 h6 14. Bh4 a5 15.
a4 Rfe8 16. Bg3 Nh5 17. Bh4 f5 18. Qd1 Ndf6 19. Nd2 Qf7 20. Nxe4 fxe4 21. Rf1
g5 22. Bg3 Nxg3 23. fxg3 Qe7 24. Qc2 d5 25. Rf2 h5 26. Raf1 Ng4 27. Bxg4 hxg4
28. Rf6 Qg7 1/2-1/2

[Event "Dundee & Angus Minor"]
[Site "?"]
[Date "2016.10.07"]
[Round "1"]
[White "Freel, Lawrence"]
[Black "Robinson, Jeffrey"]
[Result "1-0"]
[WhiteElo "1333"]
[BlackElo "1053"]
[PlyCount "71"]
[EventDate "2016.??.??"]

1. c4 Nf6 2. Nc3 c6 3. d4 e6 4. e4 Bb4 5. e5 Ne4 6. Qd3 d5 7. a3 Qa5 8. Nge2
Be7 9. b4 Bxb4 10. Bb2 Be7 11. h4 O-O 12. f3 Nxc3 13. Bxc3 Qa6 14. Nf4 b6 15.
Bd2 Bd7 16. Nh3 Bxh4+ 17. Nf2 Bxf2+ 18. Kxf2 g6 19. Qe3 h5 20. g4 f5 21. gxh5
Qc8 22. hxg6 f4 23. Qd3 Rf5 24. Bxf4 Qe8 25. Be2 Rxf4 26. g7 Rf5 27. Rh8+ Kxg7
28. Rxe8 Bxe8 29. Rg1+ Bg6 30. Qe3 Nd7 31. Bd3 Raf8 32. Bxf5 exf5 33. Qg5 Kf7
34. Qxg6+ Ke7 35. Qd6+ Kd8 36. Rg7 1-0

[Event "Dundee & Angus Minor"]
[Site "?"]
[Date "2016.10.07"]
[Round "1"]
[White "Mathieson J14, Liam"]
[Black "Jackson, John"]
[Result "0-1"]
[WhiteElo "1208"]
[BlackElo "986"]
[PlyCount "74"]
[EventDate "2016.??.??"]

1. e4 e5 2. Nf3 Nc6 3. c3 Nf6 4. d3 d5 5. exd5 Nxd5 6. g3 Bf5 7. Bg2 Be7 8. O-O
Qd7 9. d4 e4 10. Ne5 Nxe5 11. dxe5 O-O-O 12. Qd4 Nb6 13. Qxd7+ Rxd7 14. Nd2
Rhd8 15. Nxe4 Rd1 16. Be3 Rxa1 17. Rxa1 Nc4 18. b3 Nxe5 19. Bf1 Bxe4 20. Bxa7
Nf3+ 21. Kh1 Nd2+ 22. Bg2 Bxg2+ 23. Kxg2 b6 24. Re1 Bf6 25. c4 Kb7 26. Bxb6
Kxb6 27. a4 Nxb3 28. Rb1 Ka5 29. Rxb3 Kxa4 30. Rb7 Rd7 31. c5 Bd8 32. f4 Bf6
33. c6 Re7 34. g4 g5 35. Ra7+ Kb5 36. Ra8 gxf4 37. h3 Re6 0-1

[Event "Dundee & Angus Minor"]
[Site "?"]
[Date "2016.10.07"]
[Round "1"]
[White "Sibbald J11, Connor"]
[Black "Walker, William"]
[Result "1-0"]
[WhiteElo "1202"]
[BlackElo "787"]
[PlyCount "75"]
[EventDate "2016.??.??"]

1. d4 d5 2. c4 Nf6 3. Nc3 e5 4. Bg5 Be7 5. e3 O-O 6. Nf3 Nc6 7. Bd3 b6 8. O-O
Nb4 9. Be2 Bb7 10. a3 Nc6 11. Rc1 a6 12. Qc2 Re8 13. Bd3 g6 14. Ne2 Na5 15.
Bxf6 Bxf6 16. cxd5 Bxd5 17. e4 Bb7 18. Qxc7 Qxc7 19. Rxc7 Rec8 20. Rfc1 Bd8 21.
R7c3 Rxc3 22. Rxc3 b5 23. Nxe5 Be7 24. b4 f6 25. bxa5 fxe5 26. Rc7 Bxa3 27.
Rxb7 Rc8 28. dxe5 Bc1 29. Nxc1 Rxc1+ 30. Bf1 Rc5 31. Rb6 Rxe5 32. f3 Kg7 33.
Rxa6 b4 34. Ra7+ Kh6 35. a6 b3 36. Rb7 Ra5 37. Rxb3 Kg5 38. Rb5+ 1-0

[Event "Dundee & Angus Minor"]
[Site "?"]
[Date "2016.10.08"]
[Round "2"]
[White "Kohli J12, Sahib"]
[Black "Dutta J13, Oishani"]
[Result "0-1"]
[WhiteElo "716"]
[BlackElo "1149"]
[PlyCount "36"]
[EventDate "2016.??.??"]

1. e4 e5 2. f4 d5 3. fxe5 Qh4+ 4. g3 Qxe4+ 5. Qe2 Qxh1 6. Nf3 Bg4 7. Qg2 Bxf3
8. Qxh1 Bxh1 9. Nc3 Nc6 10. Bb5 d4 11. Ne2 Bc5 12. b4 Bxb4 13. Nxd4 Nge7 14. c3
Bc5 15. Bb2 O-O 16. O-O-O Bd5 17. c4 Be4 18. Nxc6 Nxc6 0-1

[Event "Dundee & Angus Minor"]
[Site "?"]
[Date "2016.10.08"]
[Round "2"]
[White "Billcliff, Niels"]
[Black "Lone, Mohammad"]
[Result "1-0"]
[WhiteElo "1195"]
[BlackElo "953"]
[PlyCount "49"]
[EventDate "2016.??.??"]

1. d4 d6 2. Nf3 g6 3. Bf4 Bg7 4. e3 Nf6 5. Nbd2 Bg4 6. h3 Bxf3 7. Qxf3 c6 8.
Bc4 O-O 9. O-O-O Qb6 10. Bb3 c5 11. dxc5 dxc5 12. Nc4 Qb5 13. g4 a5 14. a4 Qa6
15. Na3 Nc6 16. Bc4 Qb6 17. Nb5 e5 18. Bg5 Na7 19. Rd6 Nc6 20. Bxf6 Rad8 21.
Bxd8 Rxd8 22. Qxf7+ Kh8 23. Rhd1 Rf8 24. Qe6 Rf6 25. Qg8# 1-0